00398nam a22001337a 450000500170000000800410001704100150005808200130007310000150008624500540010126000570015530000260021265000260023820240212082227.0240212b |||||||| |||| 00| 0 eng d aAfrikaans  a349 TYD  lAfrikaans  aTydskrif vie Hedendaagse Romeins-Hollandse Reg :  aDurban : bButterworth Publishers (Pty) Ltd, c1984  b125 pages ; c25 cm.  aLegal practice bLaw